Storia dell'Accademia Platonica di Firenze / (Record no. 135441)

MARC details
000 -LEADER
campo de control de longitud fija 01295nam a2200289 i 4500
001 - NÚMERO DE CONTROL
campo de control 135441
003 - IDENTIFICADOR DE NÚMERO DE CONTROL
campo de control ES-MaACL
005 - FECHA Y HORA DE LA ÚLTIMA TRANSACCIÓN
campo de control 20260120105946.0
007 - CAMPO FIJO DE DESCRIPCIÓN FÍSICA--INFORMACIÓN GENERAL
campo de control de longitud fija t|
008 - DATOS DE LONGITUD FIJA--INFORMACIÓN GENERAL
campo de control de longitud fija 070718s1902 it ||||1| ita d
080 ## - NÚMERO DE LA CLASIFICACIÓN DECIMAL UNIVERSAL
Número de la Clasificación Decimal Universal 141.131
100 1# - ENTRADA PRINCIPAL--NOMBRE DE PERSONA
Nombre de persona Della Torre, Arnaldo.
9 (RLIN) 43536
245 10 - MENCIÓN DEL TÍTULO
Título Storia dell'Accademia Platonica di Firenze /
Mención de responsabilidad, etc. per Arnaldo della Torre.
260 ## - PUBLICACIÓN, DISTRIBUCIÓN, ETC.
Lugar de publicación, distribución, etc. Firenze :
Nombre del editor, distribuidor, etc. [R. Istituto di studi superiori pratici e di perfezionamento in Firenze],
Fecha de publicación, distribución, etc. 1902 (
Fabricante Tip. G. Carnesecchi e Figli)
300 ## - DESCRIPCIÓN FÍSICA
Extensión XVI, 858 p. ;
Dimensiones 27 cm.
490 1# - MENCIÓN DE SERIE
Mención de serie Pubblicazioni del R. Istituto di studi superiori pratici e di perfezionamento in Firenze. Sezione di filosofia e filologia
505 8# - NOTA DE CONTENIDO CON FORMATO
Nota de contenido con formato Contiene: Introduzione del platonismo in Firenze: Cosimo de'Medici e Marsilio Ficino
530 ## - NOTA DISPONIBLE DE FORMULARIO FÍSICO ADICIONAL
Nota de formato físico adicional disponible Disponible en formato digital.
600 14 - PUNTO DE ACCESO ADICIONAL DE MATERIA--NOMBRE DE PERSONA
Nombre de persona Medici, Cosme,
Fechas asociadas al nombre 1389-1464
9 (RLIN) 173333
600 14 - PUNTO DE ACCESO ADICIONAL DE MATERIA--NOMBRE DE PERSONA
Nombre de persona Ficino, Marsilio.
9 (RLIN) 50682
650 #4 - PUNTO DE ACCESO ADICIONAL DE MATERIA--TÉRMINO DE MATERIA
Término de materia o nombre geográfico como elemento de entrada Platonismo.
9 (RLIN) 16132
830 1# - PUNTO DE ACCESO ADICIONAL DE SERIE-TÍTULO UNIFORME
Título uniforme Pubblicazioni del R. Istituto di studi superiori pratici e di perfezionamento in Firenze. Sezione di filosofia e filologia
9 (RLIN) 188503
852 4# - LOCALIZACIÓN
Ubicación ES-MaACL
Número de control de estantería G-3328
Ubicación en estantería Depósito 2
856 4# - LOCALIZACIÓN Y ACCESO ELECTRÓNICOS
Identificador Uniforme de Recursos <a href="https://archive.org/details/storiadellaccade00torr/page/n5/mode/2up">https://archive.org/details/storiadellaccade00torr/page/n5/mode/2up</a>
Texto de enlace (Internet Archive)
942 ## - ELEMENTOS DE ENTRADA SECUNDARIOS (KOHA)
Fuente del sistema de clasificación o colocación Clasificación decimal universal
Holdings
Estatus retirado Estado de pérdida Estado de daño No para préstamo Colección Biblioteca de origen Biblioteca actual Ubicación en estantería Fecha de adquisición Fuente de adquisición Total de préstamos Signatura topográfica completa Código de barras Visto por última vez Precio de reemplazo Tipo de ítem Koha
        Colección digital Biblioteca del Ateneo de Madrid Biblioteca del Ateneo de Madrid Depósito 2 17/01/2008     G-3328 1140968 23/02/2023 23/02/2023 Libro impreso